00534 2200217 4500001002100000005001700021008004100038035002400079082000800103090001500111100001600126245005300142250001100195260002200206300001900228650001800247850001500265980001500280985000600295999001500301YOGYA-0209000005407120090227033246.0 ind  0010-020900000054071 a430 a430bSug B aSUGIATNO, T aBelajar Sendiri Bahasa jermancoleh T. Soegiatno aCet. 1 aSolobAnekac1995 a108 hlmc21 cm aBahasa jerman aYOPDYOG(M) a11-12-2007 a1 a97P0091834